Central Library OPAC University of Rajshahi

Computer systems and water resources / (Record no. 7924)

MARC details
000 -LEADER
fixed length control field 01120nam a2200361 i 4500
001 - CONTROL NUMBER
control field 7924
003 - CONTROL NUMBER IDENTIFIER
rucl marc code BD-RjUL
005 - DATE AND TIME OF LATEST TRANSACTION
control field 20211208234509.0
008 - FIXED-LENGTH DATA ELEMENTS--GENERAL INFORMATION
fixed length control field 14 t1974 ne a b 001 0 eng
020 ## - INTERNATIONAL STANDARD BOOK NUMBER
International Standard Book Number 044441259X :
035 ## - SYSTEM CONTROL NUMBER
System control number MITb10567953
System control number (BD-RjUL)7968
System control number GLIS00567953
040 ## - CATALOGING SOURCE
Original cataloging agency DLC
Transcribing agency DLC
Modifying agency OCL
-- BD-RJUL
Language of cataloging eng
041 ## - LANGUAGE CODE
Language code of text/sound track or separate title eng
082 04 - DEWEY DECIMAL CLASSIFICATION NUMBER
Edition number 16
Classification number 510.78
Author mark and year BUC 1974
090 ## - LOCALLY ASSIGNED LC-TYPE CALL NUMBER (OCLC); LOCAL CALL NUMBER (OCLC)
Classification number (OCLC) (R) ; Classification number, CALL (RLIN) (NR) TC409
Local cutter number (OCLC) ; Book number/undivided call number, CALL (RLIN) .B8
099 ## - LOCAL FREE-TEXT CALL NUMBER (OCLC)
Bangla Class number TC409.B8
100 1# - MAIN ENTRY--PERSONAL NAME
Personal name Bugliarello, George.
9 (RLIN) 24722
245 10 - TITLE STATEMENT
Title Computer systems and water resources /
Statement of responsibility, etc. by George Bugliarello, and Fred Gunther.
260 ## - PUBLICATION, DISTRIBUTION, ETC. (IMPRINT)
Place of publication, distribution, etc. Amsterdam ;
-- New York :
Name of publisher, distributor, etc. Elsevier Scientific Pub. Co.,
Date of publication, distribution, etc. c1974.
300 ## - PHYSICAL DESCRIPTION
Pagination xiv, 202 p. :
Illustrations ill. ;
Size 25 cm.
490 1# - SERIES STATEMENT
Series statement Developments in water science ;
Volume/sequential designation 1
504 ## - BIBLIOGRAPHY, ETC. NOTE
Bibliography, etc Includes Bibliographical reference and index.
650 #0 - SUBJECT ADDED ENTRY--TOPICAL TERM
Topical term or geographic name as entry element Water resources development
General subdivision Data processing.
9 (RLIN) 24723
700 1# - ADDED ENTRY--PERSONAL NAME
Personal name Gunther, Fred.
830 #0 - SERIES ADDED ENTRY--UNIFORM TITLE
Volume number/sequential designation 1.
830 #0 - SERIES ADDED ENTRY--UNIFORM TITLE
Uniform title Developments in water science ;
942 ## - ADDED ENTRY ELEMENTS (KOHA)
Source of classification or shelving scheme Dewey Decimal Classification
Koha item type Books
949 ## - LOCAL PROCESSING INFORMATION (OCLC)
a MYGE
-- MYGD
Holdings
Lost status Source of classification or shelving scheme Damaged status Not for loan Collection code Permanent Location Current Location Shelving location Date acquired Source of acquisition Total Checkouts Full call number Date last seen Copy number Koha item type
  Dewey Decimal Classification   Not For Loan Non-fiction Central Library, University of Rajshahi Central Library, University of Rajshahi   10/11/1980 Netheland Gift   510.78 BUC 1974 16/01/2014 C-1 Books